000 00862nam a22002297a 4500
003 UA-OsUOA
001 30221
007 ta
008 20041108b un ||||| |||| 00| 0 ukr d
090 _a551.24(477+478.9)
_bТ30
942 _cBK
040 _aUA-OsUOA
_bukr
_cUA-OsUOA
_dUA-OsUOA
245 _aТектоніка території Української РСР та Молдавської РСР
_bПояснювальна записка до тектонічної карти Української РСР і Молдавської РСР маштабу 1:750000
_cРед. В.Г.Бондарчук
300 _a220 с.
955 _a0
041 _aukr
080 _a551.24(477+478.9)
260 _aКиїв
_bВидавництво Академії Наук Української РСР
_c1959
044 _aUA
650 7 _2UDC
999 _c316629
_d316629